| 000 | 00465nam a2200169Ia 4500 | ||
|---|---|---|---|
| 003 | GCL | ||
| 008 | 140319s9999 xx 000 0 eng d | ||
| 040 |
_aGCL / _cGCL |
||
| 082 | 0 | 4 |
_a778.5992 _bT M |
| 100 | 1 | _aTHOMAS, ERWIN KENNETH | |
| 245 | 1 | 0 |
_aMAKE BETTER VIDEOS WITH YOUR CAMERCARD / _cTHOMAS, ERWIN KENNETH |
| 260 |
_a[S.N] : _bTAB BOOKS ، _c1991 |
||
| 300 | _a112 | ||
| 650 | 0 | 4 | _aCAMCARDERS |
| 650 | 0 | 4 | _aVIDEO RECORDINGS PRODUCTION AN |
| 942 |
_2ddc _cBK |
||
| 999 |
_c17275 _d17275 |
||